=LDR 00000nam 2200000 4500 =001 INLIS000000000032307 =005 20130612134323 =008 ***********************************ind** =035 ##$$0010-061300000032307 =041 ##$$a ind =082 ##$$a 92(Suharto) =090 ##$$a 92(Suharto), Sar b =100 ##$$a Sari, Dewi Ambar =245 ##$$a Beribu Alasan Rakyat Mencintai Pak Harto, Dewi Ambar dan Lazuardi Adi Sage =260 ##$$a 2006 $b Jakarta =300 ##$$a 362 hlm., Ilus., 15x23 cm =650 ##$$a Suharto(1921-2008) =700 ##$$a Sage, Lazuardi Adi =850 ##$$a NBPNMAT